Entre ríos y santa fe : guías visuales de la argentina

Guardado en:
Formato: Libro
Publicado: Buenos Aires : Clarín, 2002
Series:Biblioteca Clarín. Serie guías visuales de la Argentina
Materias:
Etiquetas: Agregar Etiqueta
Sin Etiquetas, Sea el primero en etiquetar este registro!
LEADER 01206nam a22002415a 4500
001 CEM.cems011960
005 20070516121552.0
008 130507s2002##################000#0#####d
003 CEMS
020 |a 9507821740 
082 0 4 |a 918.204 
245 0 0 |a Entre ríos y santa fe :  |b guías visuales de la argentina 
260 |a Buenos Aires :  |b Clarín,  |c 2002 
300 |a 143 p. 
490 0 |a Biblioteca Clarín. Serie guías visuales de la Argentina 
500 |a Guía de viajes y turismo 
505 0 |a Itinerarios : paso a paso por las ciudades más importantes y mejores parajes a orillas de los ríos Paraná y Uruguay -- Diversión : todas las fiestas desde el carnaval de Gualeguaychú hasta los festejos de las colonias de inmigrantes -- Grandes monumentos -- Campo y ciudad : los edificios con la arquitectura más bella y las más espectaculares zonas naturales -- Historia -- Ocio : las costumbres del campo y las más diversas opciones de esparcimiento al aire libre -- 
653 |a Geografía 
653 |a Geografía argentina 
653 |a Geografía argentina/turismo 
653 |a Entre ríos 
653 |a Santa fe 
859 |a CEMS  |b BIB. CEMS - 11 de abril  |h 918.204  |i C394-4  |p 23104.05  |t Ej.1